Statistics for Celtics all time leaders

Click here to take the quiz!

General Stats

  • This quiz has been taken 37 times
  • The average score is 15 of 24

Answer Stats

Player% Correct
Larry Bird
100%
John Havlicek
90%
Paul Pierce
90%
Bob Cousy
87%
Kevin Garnett
87%
Bill Russell
84%
Kevin McHale
81%
K.C. Jones
77%
Robert Parish
77%
Sam Jones
77%
Rajon Rondo
74%
Dennis Johnson
68%
Jo Jo White
61%
Dee Brown
55%
Marcus Smart
55%
Dave Cowens
52%
Antoine Walker
45%
Danny Ainge
45%
Kendrick Perkins
45%
Tom Heinsohn
45%
Cedric Maxwell
39%
Reggie Lewis
35%
Satch Sanders
16%
Tony Battie
13%

Score Distribution

Percentile by Number Answered

Percent of People with Each Score

Your Score History

You have not taken this quiz